| 000 | 00435nam a2200169Ia 4500 | ||
|---|---|---|---|
| 005 | 20240730044339.0 | ||
| 008 | 240331s9999 xx 000 0 und d | ||
| 082 |
_bRAJ _a6713 |
||
| 100 | _aRajasingham,K | ||
| 245 | 0 |
_aAt The Crossroads : _bA Critique on the Hindu Way of Life |
|
| 260 |
_aJaffna _bUniversity of Jaffna _c1993 |
||
| 300 | _avii, 161 p ., | ||
| 650 | _aCast | ||
| 650 | _aReligion | ||
| 650 | _aSociety | ||
| 942 | _cL | ||
| 999 |
_c5712 _d5712 |
||